Statistics for The Americas Geography by Letter - E

Click here to take the quiz!

General Stats

  • This quiz has been taken 30,540 times
  • The average score is 10 of 18

Answer Stats

ClueAnswer% Correct
South American countryEcuador
95%
A Great LakeErie
93%
Twice the tallest building in New YorkEmpire State
86%
Former first stop for immigrants to NYC{Ellis} Island
81%
Huge wetland region of southern FloridaEverglades
81%
Polynesian island of stone heads;
A territory of Chile
Easter Island
80%
Central American countryEl Salvador
79%
New Jersey township named
for an inventor
Edison
71%
Capital of AlbertaEdmonton
71%
Coniferous nickname of
Washington state
{Evergreen}
State
60%
Major city on the Rio GrandeEl Paso
53%
Wisconsin city; French for "Clear Water"Eau Claire
41%
País entre México y CanadáEstados Unidos
39%
Third biggest city in OregonEugene
38%
Prestigious Atlanta universityEmory
29%
San Fernando Valley neighborhood;
Setting of a Pauly Shore movie
Encino
24%
Home to Michigan State UniversityEast Lansing
21%
Mexico City's biggest suburbEcatepec
5%

Score Distribution

Percentile by Number Answered

Percent of People with Each Score

Your Score History

You have not taken this quiz